000 01040nam a2200217Ia 4500
001 9389
003 GE_BSU
008 181216s||||||||xx |||||||||||||| ||und||
040 _cGE_BSU
080 _a821.353.1–1+821.353.1-32+821.353.1-92
245 _aმამულო საყვარელო
245 _bაჭარისადმი მიძღვნ.კრებული:პოეზია,პროზა და პუბლიცისტური წერილები
245 _cშემდგ. მ. ვარშანიძე სარედ. კოლ.მ.ვარშანიძე,პ.ლორია,გ. სალუქვაძე და ს ხვ. მხატვ. გ.ხოჯაშვილი
260 _aბათუმი
260 _bსაბჭოთა აჭარა
260 _c1971
300 _a391გვ.21სმ.
653 _aაჭარისადმი მიძღვნ.კრებული
653 _aმამულო საყვარელო
942 _cBK
999 _c42685
_d42685